An outline of English literature

Saved in:
Bibliographic Details
Main Author: G.C Thornley and gwyneth roberts
Format: Book
Published: Longman
Edition:New edition
Subjects:
Tags: Add Tag
No Tags, Be the first to tag this record!
Institutions: Trung tâm Học liệu Lê Vũ Hùng, Trường Đại học Đồng Tháp
LEADER 00697aam a22002298a 4500
001 00037649
005 20210310100355.0
008 170513s ||||||Engsd
041 0 # |a Eng 
082 1 4 |a 808.004  |b A105O 
100 1 # |a G.C Thornley and gwyneth roberts 
245 1 0 |a An outline of English literature  |c G.C Thornley and gwyneth roberts 
250 # # |a New edition 
260 # # |b Longman 
300 # # |a 216tr.  |c 24cm. 
653 # # |a literature 
653 # # |a outline 
852 # # |b Kho mượn  |j KM.0022032 
852 # # |b Kho đọc  |j KD.0021410 
852 # # |j KD.0021410  |j KM.0022032 
910 # # |d 13/05/2017 
980 # # |a Trung tâm Học liệu Lê Vũ Hùng, Trường Đại học Đồng Tháp